000
00203nam a22000857a 4500
008
161220b xxu||||| |||| 00| 0 eng d
100
_9
2139
_a
CCE
245
_a
Social Science-IX
260
_a
New Delhi
_b
CCE
_c
2011
999
_c
5019
_d
5019